Statistiques concernant Les départements les plus sûrs de France

Cliquez ici pour prendre le quiz!

Statistiques générales

  • Ce quiz a été pris 67 fois
  • Le résultat moyen est 5 sur 10

Statistiques - réponses

CrimesDépartement% Correct
2 856Creuse
78%
1 589Lozère
73%
4 046Lot
61%
2 894Cantal
59%
5 686Corrèze
59%
5 282Aveyron
49%
5 170Haute-Loire
47%
4 169Gers
32%
6 944Jura
27%
5 810Haute-Saône
24%

Distribution des résultats

Percentile par nombre de réponses

% des personnes avec chaque résultat

Votre développement - résultats

Vous n’avez pas pris ce quiz